[Event "USA Chess League"]
[Site "ICC INT"]
[Date "2014.09.02"]
[Round "2"]
[White "Matikozian, Andranik"]
[Black "Kovalyov, Anton"]
[Result "1/2-1/2"]
[WhiteElo "2447"]
[BlackElo "2622"]
[PlyCount "114"]
[GameId "2130307667023986"]
[EventDate "2014.08.26"]
[EventType "team"]
[EventRounds "10"]
[EventCountry "USA"]
[SourceTitle "The Week in Chess 1035"]
[Source "Mark Crowther"]
[SourceDate "2014.09.08"]
[SourceVersion "2"]
[SourceVersionDate "2014.09.12"]
[SourceQuality "2"]
[WhiteTeam "Los Angeles"]
[BlackTeam "Rio Grande"]

1. e4 c5 2. Nf3 e6 3. Nc3 Nc6 4. d4 cxd4 5. Nxd4 Qc7 6. g3 a6 7. Bg2 Nf6 8. O-O Nxd4 9. Qxd4 Bc5 10. Bf4 d6 11. Qd2 h6 12. Rad1 e5 13. Be3 Be6 14. Bxc5 dxc5 15. Nd5 Bxd5 16. exd5 Qd6 17. f4 O-O 18. fxe5 Qxe5 19. d6 Qxb2 20. Rb1 Qxa2 21. Rxb7 Rad8 22. d7 Qe6 23. Rd1 a5 24. Bf3 a4 25. Qe2 Rxd7 26. Rdxd7 Nxd7 27. Qxe6 fxe6 28. Bg4 Ne5 29. Bxe6+ Kh7 30. Ra7 Nf3+ 31. Kg2 Ne1+ 32. Kh3 Nxc2 33. Rxa4 Nd4 34. Bc4 Kg6 35. Ra7 Rc8 36. Kg4 h5+ 37. Kf4 Rf8+ 38. Ke3 Nf5+ 39. Ke2 Nd4+ 40. Ke3 Rf3+ 41. Ke4 Rf6 42. Rc7 Nf3 43. Rxc5 Nxh2 44. Be2 Re6+ 45. Re5 Rxe5+ 46. Kxe5 Kg5 47. Ke6 Ng4 48. Kf7 g6 49. Bxg4 hxg4 50. Ke6 Kh6 51. Kf6 g5 52. Kf5 Kh5 53. Ke5 Kh6 54. Kf5 Kh5 55. Kf6 Kh6 56. Kf5 Kh5 57. Kf6 Kh6 1/2-1/2

[Event "USA Chess League"]
[Site "ICC INT"]
[Date "2014.10.15"]
[Round "8"]
[White "Orlov, Georgi"]
[Black "Kovalyov, Anton"]
[Result "1-0"]
[WhiteElo "2480"]
[BlackElo "2622"]
[PlyCount "131"]
[GameId "2130307667028192"]
[EventDate "2014.08.26"]
[EventType "team"]
[EventRounds "10"]
[EventCountry "USA"]
[SourceTitle "The Week in Chess 1041"]
[Source "Mark Crowther"]
[SourceDate "2014.10.20"]
[SourceVersion "1"]
[SourceVersionDate "2014.10.20"]
[SourceQuality "2"]
[WhiteTeam "Seattle"]
[BlackTeam "Rio Grande"]

1. d4 Nf6 2. c4 e6 3. g3 d5 4. Bg2 Be7 5. Nf3 O-O 6. O-O c6 7. Qc2 b6 8. Nbd2 Bb7 9. e4 Na6 10. a3 dxc4 11. e5 Nd5 12. Nxc4 b5 13. Nd6 Bxd6 14. Ng5 f5 15. exd6 Qxd6 16. Re1 Nac7 17. Bd2 a5 18. Rac1 b4 19. axb4 axb4 20. Qc4 h6 21. Nf3 Rfd8 22. Ne5 Nb5 23. Nxc6 Bxc6 24. Qxc6 Qxc6 25. Rxc6 Nxd4 26. Rc4 Nb3 27. Bxb4 Ra4 28. Rd1 Kh7 29. Bf1 Rda8 30. Ba3 Rxc4 31. Bxc4 Na5 32. Bxd5 exd5 33. Rxd5 Nc4 34. Bb4 Nxb2 35. Rxf5 Nd3 36. Bc3 Rc8 37. Bd2 Rd8 38. Be3 Nb4 39. Rf7 Kg6 40. Rb7 Nd5 41. Bd4 Nf6 42. Bb2 Rd2 43. h3 h5 44. Be5 Re2 45. Bd4 Re4 46. Bb2 Re2 47. Kg2 Rd2 48. Kf3 Rd3+ 49. Ke2 Rd7 50. Rb5 Rd5 51. Rb6 Kf7 52. Rb4 Rd7 53. Bd4 Nd5 54. Rc4 Ne7 55. Kf3 Nf5 56. Bc3 Ne7 57. Ke4 Rd6 58. Be5 Rd2 59. Bd4 Re2+ 60. Kf4 Kg6 61. Rc5 Rd2 62. Rg5+ Kf7 63. Ke3 Ra2 64. Rxh5 Kg6 65. g4 Nc6 66. Bc3 1-0

[Event "USA Chess League"]
[Site "ICC INT"]
[Date "2014.10.22"]
[Round "9"]
[White "Zapata, Alonso"]
[Black "Kovalyov, Anton"]
[Result "0-1"]
[WhiteElo "2481"]
[BlackElo "2622"]
[PlyCount "126"]
[GameId "2130307667028210"]
[EventDate "2014.08.26"]
[EventType "team"]
[EventRounds "10"]
[EventCountry "USA"]
[SourceTitle "The Week in Chess 1042"]
[Source "Mark Crowther"]
[SourceDate "2014.10.27"]
[SourceVersion "2"]
[SourceVersionDate "2014.11.03"]
[SourceQuality "2"]
[WhiteTeam "Atlanta"]
[BlackTeam "Rio Grande"]

1. e4 c5 2. Nf3 d6 3. d4 cxd4 4. Nxd4 Nf6 5. Nc3 a6 6. Bc4 e6 7. O-O Be7 8. Bb3 b5 9. Qf3 Qb6 10. Be3 Qb7 11. Qg3 O-O 12. f3 Kh8 13. Rfd1 Nbd7 14. a3 Ne5 15. Nde2 Bd7 16. f4 Nc4 17. Bxc4 bxc4 18. e5 dxe5 19. fxe5 Ne8 20. Rd4 Rc8 21. Rf1 f5 22. h4 Rc7 23. Nd1 Qc8 24. Kh2 Rc6 25. Nf4 g6 26. Nf2 Ng7 27. N2h3 Be8 28. c3 Rg8 29. Rd2 Qb8 30. Rfd1 Nh5 31. Qf2 Nxf4 32. Bxf4 Rb6 33. Re1 Bf8 34. Ng5 h6 35. Nf3 Bc6 36. Qe3 Kh7 37. Red1 Ba4 38. Rd8 Qc7 39. Qd2 Rb8 40. Rd6 Qf7 41. Re1 Rc8 42. Rxa6 Bb5 43. Rb6 Bc6 44. Nd4 Bd5 45. Re3 Bc5 46. Rd6 Bxd6 47. exd6 Qf6 48. Be5 Qd8 49. Rg3 Rb8 50. Ne2 g5 51. hxg5 Rxg5 52. Rxg5 hxg5 53. Qe3 Kg6 54. Qg3 Qg8 55. Nf4+ Kf7 56. Nh3 Rxb2 57. Nxg5+ Ke8 58. Nf3 Qxg3+ 59. Kxg3 Ra2 60. Bd4 Bxf3 61. gxf3 Rxa3 62. Kf4 Ra5 63. Kg5 Kd7 0-1

[Event "Olympiad"]
[Site "Tromso NOR"]
[Date "2014.08.03"]
[Round "2.1"]
[White "Negi, Parimarjan"]
[Black "Kovalyov, Anton"]
[Result "1-0"]
[WhiteElo "2645"]
[BlackElo "2622"]
[PlyCount "94"]
[GameId "2130307667793652"]
[EventDate "2014.08.02"]
[EventType "swiss"]
[EventRounds "11"]
[EventCountry "NOR"]
[SourceTitle "10 Days #408"]
[Source "Chess Mix"]
[SourceDate "2014.08.01"]
[WhiteTeam "India"]
[BlackTeam "Canada"]
[WhiteTeamCountry "IND"]
[BlackTeamCountry "CAN"]

1. e4 c5 2. Nf3 e6 3. d4 cxd4 4. Nxd4 Nc6 5. Nc3 Qc7 6. Be3 a6 7. Qd2 Nf6 8. O-O-O Be7 9. f3 h5 10. Kb1 b5 11. Nxc6 dxc6 12. Qf2 e5 13. h3 h4 14. f4 Nh5 15. Ne2 exf4 16. Nxf4 Ng3 17. Rg1 Nxe4 18. Qf3 Ng5 19. Qf2 Ne4 20. Qf3 Ng5 21. Nd5 cxd5 22. Bxg5 Be6 23. Bxe7 Qxe7 24. g3 Kf8 25. Bd3 Rh6 26. Rde1 Re8 27. Bf5 Rf6 28. Qh5 Rh6 29. Qf3 Qc5 30. Rgf1 Qc7 31. g4 Qg3 32. g5 Qxg5 33. Bxe6 Rf6 34. Qg4 Qxg4 35. Bxg4 Rxe1+ 36. Rxe1 Rf2 37. Bc8 a5 38. Bd7 g5 39. Bxb5 Rf3 40. Bc6 Rxh3 41. Bxd5 Rh2 42. c4 g4 43. c5 Rd2 44. Be4 Rd4 45. c6 Rc4 46. b3 Rc5 47. Rc1 a4 1-0

[Event "Olympiad"]
[Site "Tromso NOR"]
[Date "2014.08.04"]
[Round "3.1"]
[White "Kovalyov, Anton"]
[Black "Kulpruethanon, Thanadon"]
[Result "1-0"]
[WhiteElo "2622"]
[BlackElo "2143"]
[PlyCount "77"]
[GameId "2130307667802099"]
[EventDate "2014.08.02"]
[EventType "swiss"]
[EventRounds "11"]
[EventCountry "NOR"]
[SourceTitle "10 Days #408"]
[Source "Chess Mix"]
[SourceDate "2014.08.01"]
[WhiteTeam "Canada"]
[BlackTeam "Thailand"]
[WhiteTeamCountry "CAN"]
[BlackTeamCountry "THA"]

1. Nf3 Nf6 2. c4 c5 3. Nc3 e6 4. g3 b6 5. Bg2 Bb7 6. O-O Be7 7. d4 cxd4 8. Qxd4 d6 9. Rd1 a6 10. Bg5 Nbd7 11. Rac1 O-O 12. b3 Rc8 13. Bh3 h6 14. Be3 Qc7 15. g4 Qc6 16. Bg2 e5 17. Qd2 Nxg4 18. Nd5 Rce8 19. Nxe5 Ndxe5 20. Nxe7+ Rxe7 21. Bxc6 Bxc6 22. Bxb6 Re6 23. Rc3 f5 24. f3 Nf6 25. Bd4 Nh5 26. Kf2 Ng4+ 27. fxg4 fxg4+ 28. Ke1 Nf4 29. Rg3 Bf3 30. e3 h5 31. Qa5 h4 32. Qg5 Rg6 33. Qxh4 Re8 34. Rd2 Ne6 35. Qh5 Nxd4 36. Qxg6 Rxe3+ 37. Kf2 Re6 38. Qg5 Nc6 39. Rxf3 1-0

[Event "Olympiad"]
[Site "Tromso NOR"]
[Date "2014.08.08"]
[Round "6.1"]
[White "Gelfand, Boris"]
[Black "Kovalyov, Anton"]
[Result "1/2-1/2"]
[WhiteElo "2753"]
[BlackElo "2622"]
[PlyCount "235"]
[GameId "2130307667872555"]
[EventDate "2014.08.02"]
[EventType "swiss"]
[EventRounds "11"]
[EventCountry "NOR"]
[SourceTitle "10 Days #408"]
[Source "Chess Mix"]
[SourceDate "2014.08.01"]
[WhiteTeam "Israel"]
[BlackTeam "Canada"]
[WhiteTeamCountry "ISR"]
[BlackTeamCountry "CAN"]

1. d4 Nf6 2. c4 e6 3. Nf3 b6 4. g3 c6 5. Bg2 d5 6. O-O Be7 7. Qc2 O-O 8. Rd1 Nbd7 9. b3 a5 10. Nbd2 Bb7 11. e4 a4 12. Bb2 a3 13. Bc3 Qb8 14. e5 Ne8 15. b4 dxc4 16. Nxc4 Nc7 17. Rab1 Qa7 18. Bd2 Qa4 19. Rb3 Nd5 20. Nd6 Bxd6 21. exd6 Rfd8 22. Ne5 f6 23. Nc4 Ba6 24. Re1 Bxc4 25. Qxc4 Nf8 26. Bc1 Rac8 27. Kf1 Rxd6 28. Rxa3 Qb5 29. Qxb5 cxb5 30. Bxd5 Rxd5 31. Ra6 Nd7 32. Be3 Kf7 33. Ra7 Kg6 34. Ke2 h5 35. Kf3 Kf5 36. h3 Rc3 37. g4+ Kg6 38. Ke4 hxg4 39. hxg4 Rc4 40. Rc1 Rxc1 41. Bxc1 Kf7 42. Bf4 Ke8 43. Ra8+ Kf7 44. Ra7 Ke8 45. Ke3 e5 46. dxe5 fxe5 47. Bg3 Rd4 48. Ra8+ Ke7 49. Bxe5 Rxg4 50. Bd4 Kd6 51. Rg8 g5 52. Rg7 Ke6 53. a3 Rg1 54. Ke2 Kd6 55. f3 Rb1 56. Rxg5 Rb3 57. Rxb5 Rxa3 58. Bxb6 Rb3 59. Bc5+ Kd5 60. Be7+ Ke6 61. Bg5 Ne5 62. f4 Nc6 63. f5+ Kd6 64. Be3 Rb2+ 65. Kf3 Rb3 66. Ke2 Rb2+ 67. Kd3 Rb3+ 68. Kd2 Nxb4 69. Bc5+ Kc6 70. Rxb4 Rf3 71. Bd4 Rxf5 72. Rb6+ Kd5 73. Kd3 Rf3+ 74. Be3 Rf5 75. Ra6 Re5 76. Bf4 Rf5 77. Ra4 Rf7 78. Ra5+ Ke6 79. Ke4 Kd7 80. Ra6 Re7+ 81. Kd5 Rf7 82. Bd6 Rf5+ 83. Be5 Rf7 84. Bf6 Ke8 85. Ke6 Re7+ 86. Kf5 Rb7 87. Rd6 Rd7 88. Re6+ Kf7 89. Be5 Re7 90. Rh6 Rd7 91. Bd6 Ke8 92. Rh8+ Kf7 93. Ke5 Kg6 94. Rg8+ Kf7 95. Rf8+ Kg7 96. Rf1 Rf7 97. Rg1+ Kh7 98. Ke6 Rg7 99. Rh1+ Kg6 100. Be7 Rg8 101. Rh2 Rg7 102. Bf8 Rg8 103. Rf2 Kh7 104. Bd6 Kg6 105. Rh2 Rg7 106. Bf4 Rg8 107. Rg2+ Kh7 108. Bg5 Kg6 109. Rg1 Kh7 110. Kf5 Rg7 111. Rh1+ Kg8 112. Bf6 Rh7 113. Ra1 Kf7 114. Ra6 Rh5+ 115. Bg5 Rh7 116. Bh6 Kg8 117. Kg6 Rg7+ 118. Bxg7 1/2-1/2

[Event "Olympiad"]
[Site "Tromso NOR"]
[Date "2014.08.10"]
[Round "8.1"]
[White "Kovalyov, Anton"]
[Black "Ladva, Ottomar"]
[Result "1/2-1/2"]
[WhiteElo "2622"]
[BlackElo "2387"]
[PlyCount "115"]
[GameId "2130307667897699"]
[EventDate "2014.08.02"]
[EventType "swiss"]
[EventRounds "11"]
[EventCountry "NOR"]
[SourceTitle "10 Days #408"]
[Source "Chess Mix"]
[SourceDate "2014.08.01"]
[WhiteTeam "Canada"]
[BlackTeam "Estonia"]
[WhiteTeamCountry "CAN"]
[BlackTeamCountry "EST"]

1. c4 e6 2. g3 d5 3. Bg2 Nf6 4. Nf3 dxc4 5. Qa4+ Nbd7 6. Qxc4 c5 7. d3 Bd6 8. a4 O-O 9. Nc3 a6 10. a5 Qc7 11. O-O b5 12. axb6 Nxb6 13. Qh4 Bb7 14. Bg5 Be7 15. Rfc1 h6 16. Bxf6 Bxf6 17. Qh5 Rab8 18. Rc2 c4 19. Nd1 Bc6 20. Qc5 Be7 21. Qe5 Qxe5 22. Nxe5 Bxg2 23. Kxg2 cxd3 24. Nxd3 Ra8 25. Rc7 Bf6 26. Rb7 Nc4 27. Ra4 Rfc8 28. f4 Rc6 29. b4 Rd8 30. Ra7 Rdd6 31. N1f2 Nb2 32. Nxb2 Bxb2 33. Ra2 Bc3 34. Nd3 Bd4 35. Rb7 Rb6 36. Rxb6 Rxb6 37. Rc2 g5 38. Kf3 Rb5 39. Ke4 Bf6 40. Rc5 Rb6 41. Rc4 gxf4 42. gxf4 Rb5 43. Rc5 Rb6 44. Rc7 Rb5 45. Ra7 Bc3 46. Rxa6 Bxb4 47. Ne5 Bc3 48. Nc4 Rb4 49. Rc6 Bf6 50. f5 exf5+ 51. Kxf5 Bg5 52. e4 Rb1 53. e5 Rf1+ 54. Ke4 Re1+ 55. Kd5 Rd1+ 56. Ke4 Re1+ 57. Kd5 Rd1+ 58. Ke4 1/2-1/2

[Event "Olympiad"]
[Site "Tromso NOR"]
[Date "2014.08.12"]
[Round "10.1"]
[White "Kovalyov, Anton"]
[Black "Winants, Luc"]
[Result "1-0"]
[WhiteElo "2622"]
[BlackElo "2545"]
[PlyCount "85"]
[GameId "2130307667922826"]
[EventDate "2014.08.02"]
[EventType "swiss"]
[EventRounds "11"]
[EventCountry "NOR"]
[SourceTitle "10 Days #408"]
[Source "Chess Mix"]
[SourceDate "2014.08.01"]
[WhiteTeam "Canada"]
[BlackTeam "Belgium"]
[WhiteTeamCountry "CAN"]
[BlackTeamCountry "BEL"]

1. Nf3 Nf6 2. c4 e6 3. g3 d5 4. d4 Bb4+ 5. Bd2 Bxd2+ 6. Nbxd2 O-O 7. Bg2 b6 8. cxd5 exd5 9. O-O Bb7 10. Rc1 Nbd7 11. b4 c6 12. Qb3 Qe7 13. Rfe1 Rfd8 14. a3 a5 15. Nh4 axb4 16. axb4 Qf8 17. e4 dxe4 18. Nxe4 Nd5 19. Nf5 Qxb4 20. Qf3 N7f6 21. Nxf6+ Nxf6 22. Re7 Qb2 23. Rce1 Ra1 24. Rf1 Ba6 25. Nh6+ gxh6 26. Qxf6 Rf8 27. Re4 Bd3 28. Rg4+ Bg6 29. h4 h5 30. Rg5 Re8 31. g4 Rxf1+ 32. Bxf1 Re1 33. gxh5 Qa3 34. hxg6 hxg6 35. Re5 Rxe5 36. dxe5 Qc3 37. Qg5 Qf3 38. Bg2 Qd1+ 39. Kh2 c5 40. f4 c4 41. e6 Qe2 42. e7 c3 43. Qe5 1-0

[Event "World op"]
[Site "Arlington USA"]
[Date "2014.07.03"]
[Round "2"]
[White "Kovalyov, Anton"]
[Black "Nagle, Sean"]
[Result "1/2-1/2"]
[WhiteElo "2636"]
[BlackElo "2411"]
[PlyCount "21"]
[GameId "2130307669604188"]
[EventDate "2014.06.30"]
[EventType "swiss"]
[EventRounds "9"]
[EventCountry "USA"]
[SourceTitle "10 Days #404"]
[Source "Chess Mix"]

1. Nf3 Nf6 2. c4 g6 3. Nc3 Bg7 4. e4 d6 5. d4 O-O 6. Be2 e5 7. Be3 Ng4 8. Bg5 f6 9. Bh4 g5 10. Bg3 Nh6 11. dxe5 1/2-1/2

[Event "World op"]
[Site "Arlington USA"]
[Date "2014.07.03"]
[Round "3"]
[White "Korley, Kassa"]
[Black "Kovalyov, Anton"]
[Result "0-1"]
[WhiteElo "2412"]
[BlackElo "2636"]
[PlyCount "86"]
[GameId "2130307669604202"]
[EventDate "2014.06.30"]
[EventType "swiss"]
[EventRounds "9"]
[EventCountry "USA"]
[SourceTitle "10 Days #404"]
[Source "Chess Mix"]

1. Nf3 e6 2. g3 Nf6 3. Bg2 d5 4. O-O Be7 5. d4 O-O 6. c4 c6 7. Nc3 b6 8. cxd5 cxd5 9. Bf4 Bb7 10. Rc1 Nh5 11. Be3 Nf6 12. Bf4 Nc6 13. Ne5 Rc8 14. Nxc6 Rxc6 15. Qd3 Qd7 16. Rc2 Rfc8 17. Rfc1 h6 18. Bf1 Ne8 19. Nb1 Nd6 20. Rxc6 Bxc6 21. b3 b5 22. Bd2 Ne4 23. Be1 Qb7 24. f3 Nf6 25. a3 Qb6 26. Bb4 Bxb4 27. axb4 e5 28. Bh3 Re8 29. Qc3 Bd7 30. Bxd7 Nxd7 31. Rd1 a6 32. Qe3 Nf6 33. Nc3 e4 34. fxe4 Nxe4 35. Nxd5 Qc6 36. Nf4 Nc3 37. Qc1 Rxe2 38. Rd2 Re3 39. d5 Qb6 40. Kg2 g5 41. Nh5 Qg6 42. Rf2 Qe4+ 43. Kh3 Qh4+ 0-1

[Event "World op"]
[Site "Arlington USA"]
[Date "2014.07.04"]
[Round "4.4"]
[White "Kovalyov, Anton"]
[Black "Bodek, Michael"]
[Result "1-0"]
[WhiteElo "2636"]
[BlackElo "2389"]
[PlyCount "69"]
[GameId "2129404783428775"]
[EventDate "2014.06.30"]
[EventType "swiss"]
[EventRounds "9"]
[EventCountry "USA"]
[SourceTitle "10 Days #404"]
[Source "Chess Mix"]
[WhiteClock "1:08:51"]
[BlackClock "0:50:16"]

1. Nf3 e6 2. g3 Nf6 3. c4 d5 4. Bg2 dxc4 5. Qa4+ Nbd7 6. Qxc4 c5 7. Qb3 Rb8 8. d3 Bd6 9. a4 b6 10. Na3 a6 11. Nc4 Bc7 12. Bd2 O-O 13. O-O Bb7 14. Qa3 Ba8 15. b4 b5 16. axb5 axb5 17. Ne3 Bd6 18. Rfb1 Qe7 19. bxc5 Bxc5 20. Bb4 Nd5 21. Nxd5 Bxd5 22. e4 Ba8 23. Nd4 Qd6 24. Bxc5 Qxc5 25. Qxc5 Nxc5 26. Bf1 b4 27. Ra5 Nxd3 28. Bxd3 Rfd8 29. Rba1 Bb7 30. Rb5 Ra8 31. Rxa8 Bxa8 32. Rxb4 e5 33. Nf3 f5 34. Nxe5 Re8 35. f4 1-0

[Event "World op"]
[Site "Arlington USA"]
[Date "2014.07.04"]
[Round "5.3"]
[White "Stripunsky, Alexander"]
[Black "Kovalyov, Anton"]
[Result "0-1"]
[WhiteElo "2550"]
[BlackElo "2636"]
[PlyCount "68"]
[GameId "2129404783428778"]
[EventDate "2014.06.30"]
[EventType "swiss"]
[EventRounds "9"]
[EventCountry "USA"]
[SourceTitle "10 Days #404"]
[Source "Chess Mix"]
[WhiteClock "0:00:21"]
[BlackClock "0:52:42"]

1. e4 c5 2. c3 Nf6 3. e5 Nd5 4. Nf3 d6 5. d4 cxd4 6. Qxd4 e6 7. Nbd2 a6 8. Nc4 dxe5 9. Ncxe5 f6 10. Nc4 e5 11. Qe4 Be6 12. Be3 Nd7 13. O-O-O Nxe3 14. Nxe3 Qc7 15. Bc4 Bxc4 16. Nxc4 O-O-O 17. Rd5 Nc5 18. Qg4+ Kb8 19. Rxd8+ Qxd8 20. Rd1 Qc8 21. Qh4 Qe6 22. Ne3 Qxa2 23. Rd8+ Kc7 24. Ra8 Nd3+ 25. Kd2 Nxb2 26. Qe4 Na4+ 27. Ke1 Qa1+ 28. Kd2 Qb2+ 29. Nc2 Qxc3+ 30. Ke2 Nb6 31. Re8 Qc4+ 32. Qxc4+ Nxc4 33. Ne3 Nd6 34. Ra8 Kc6 0-1

[Event "World op"]
[Site "Arlington USA"]
[Date "2014.07.05"]
[Round "6.1"]
[White "Kovalyov, Anton"]
[Black "Smirin, Ilia"]
[Result "0-1"]
[WhiteElo "2636"]
[BlackElo "2647"]
[PlyCount "82"]
[GameId "2129404783428780"]
[EventDate "2014.06.30"]
[EventType "swiss"]
[EventRounds "9"]
[EventCountry "USA"]
[SourceTitle "10 Days #404"]
[Source "Chess Mix"]
[WhiteClock "0:11:59"]
[BlackClock "0:16:38"]

1. Nf3 c5 2. c4 Nc6 3. Nc3 g6 4. e3 Bg7 5. d4 d6 6. d5 Ne5 7. Nxe5 Bxe5 8. Bd2 Bg7 9. Be2 Nf6 10. O-O O-O 11. Qc2 e6 12. dxe6 Bxe6 13. Rad1 d5 14. Bc1 d4 15. exd4 cxd4 16. Nb5 Bf5 17. Bd3 Bg4 18. Be2 Bf5 19. Qb3 Ne4 20. Bf3 Qb6 21. Bf4 Nc5 22. Qa3 Ne6 23. Bd2 Bc2 24. Rde1 d3 25. b3 a6 26. Nd6 Nc5 27. Be3 Qxd6 28. Bxc5 Qf4 29. Bxf8 Bxf8 30. c5 d2 31. Re3 Rd8 32. Qa5 d1=Q 33. Bxd1 Rxd1 34. Rxd1 Bxd1 35. h3 Bc2 36. Qb6 Qd4 37. Re8 Kg7 38. Rd8 Qa1+ 39. Kh2 Qe5+ 40. Kh1 Bxc5 41. Qa5 Qa1+ 0-1

[Event "World op"]
[Site "Arlington USA"]
[Date "2014.07.05"]
[Round "7"]
[White "Ortiz Suarez, Isan Reynaldo"]
[Black "Kovalyov, Anton"]
[Result "1/2-1/2"]
[WhiteElo "2592"]
[BlackElo "2636"]
[PlyCount "93"]
[GameId "2130307669608354"]
[EventDate "2014.06.30"]
[EventType "swiss"]
[EventRounds "9"]
[EventCountry "USA"]
[SourceTitle "CBM 161 Extra"]
[Source "ChessBase"]
[SourceDate "2014.08.29"]
[SourceVersion "1"]
[SourceVersionDate "2014.08.29"]
[SourceQuality "1"]

1. e4 c5 2. Nf3 e6 3. d4 cxd4 4. Nxd4 Nc6 5. Nc3 Qc7 6. Be3 a6 7. Qd2 Nf6 8. f4 Bb4 9. Bd3 Na5 10. a3 Bxc3 11. Qxc3 Qxc3+ 12. bxc3 d5 13. e5 Ne4 14. Nb3 Nc4 15. Bxc4 dxc4 16. Na5 Bd7 17. Bd4 Rc8 18. Nxb7 Bc6 19. Na5 Bd5 20. Rb1 Kd7 21. Ke2 f5 22. Rb6 g5 23. fxg5 Rhg8 24. Rg1 Rxg5 25. Rxa6 f4 26. Ra7+ Rc7 27. Rxc7+ Kxc7 28. Kf3 Rf5 29. Ke2 Rh5 30. Rf1 Rxh2 31. Rxf4 Rxg2+ 32. Kd1 Rh2 33. Kc1 Ng5 34. Be3 h5 35. Nxc4 h4 36. Rg4 Ne4 37. Rg7+ Kc6 38. Na5+ Kb5 39. c4+ Bxc4 40. Nxc4 Kxc4 41. Rd7 Ng3 42. Rd4+ Kc3 43. Rd3+ Kc4 44. Rd4+ Kc3 45. Rd3+ Kc4 46. Rd4+ Kc3 47. Rd3+ 1/2-1/2

[Event "World op"]
[Site "Arlington USA"]
[Date "2014.07.06"]
[Round "8.3"]
[White "Kovalyov, Anton"]
[Black "Holt, Conrad"]
[Result "0-1"]
[WhiteElo "2636"]
[BlackElo "2556"]
[PlyCount "108"]
[GameId "2129404783428790"]
[EventDate "2014.06.30"]
[EventType "swiss"]
[EventRounds "9"]
[EventCountry "USA"]
[SourceTitle "10 Days #404"]
[Source "Chess Mix"]
[WhiteClock "0:34:49"]
[BlackClock "0:05:49"]

1. c4 c6 2. d4 d5 3. Nf3 Nf6 4. e3 e6 5. b3 c5 6. Bb2 cxd4 7. exd4 Bb4+ 8. Nbd2 O-O 9. a3 Bxd2+ 10. Qxd2 dxc4 11. bxc4 Bd7 12. Be2 Bc6 13. O-O Nbd7 14. a4 Rc8 15. Rfc1 Re8 16. a5 a6 17. Qb4 Qc7 18. Qb3 h6 19. Nd2 Nf8 20. Bf1 Ng6 21. g3 Red8 22. Bh3 Ne7 23. d5 exd5 24. Bxf6 gxf6 25. Bxc8 Qxc8 26. cxd5 Rxd5 27. Ne4 Qf5 28. Re1 Ng6 29. Qe3 Kg7 30. Ra3 Ne5 31. Rc3 Rxa5 32. f3 Ra2 33. g4 Qe6 34. Qf4 Bxe4 35. Qxe4 Qd6 36. Re2 Qd1+ 37. Kf2 Rd2 38. h4 Nd3+ 39. Rxd3 Rxd3 40. g5 hxg5 41. hxg5 Rd6 42. Qxb7 fxg5 43. Qb2+ Kg6 44. Qh8 Rd8 45. Qc3 f6 46. Qc6 Qd3 47. Ra2 Rh8 48. Qxa6 Qb1 49. Kg2 Qh1+ 50. Kf2 Rh2+ 51. Ke3 Qc1+ 52. Kd4 Qf4+ 53. Kc5 Qe5+ 54. Kb4 Qd4+ 0-1

[Event "World op"]
[Site "Arlington USA"]
[Date "2014.07.06"]
[Round "9"]
[White "Shmeliov, Denis"]
[Black "Kovalyov, Anton"]
[Result "1/2-1/2"]
[WhiteElo "2393"]
[BlackElo "2636"]
[PlyCount "43"]
[GameId "2130307669612490"]
[EventDate "2014.06.30"]
[EventType "swiss"]
[EventRounds "9"]
[EventCountry "USA"]
[SourceTitle "10 Days #404"]
[Source "Chess Mix"]

1. d4 Nf6 2. c4 e6 3. Nc3 Bb4 4. Qc2 O-O 5. e4 d5 6. e5 Ne4 7. Bd3 c5 8. Nf3 cxd4 9. Nxd4 dxc4 10. Bxe4 Qxd4 11. Bf4 f5 12. exf6 Qxf6 13. Be3 h6 14. O-O Nc6 15. Bxc6 bxc6 16. Ne4 Qe5 17. Qxc4 a5 18. Qc2 Ba6 19. Rfd1 Rad8 20. Nc5 Bxc5 21. Bxc5 Rfe8 22. Be3 1/2-1/2

[Event "Chicago op"]
[Site "Wheeling USA"]
[Date "2014.05.22"]
[Round "1.2"]
[White "Francisco, Richard"]
[Black "Kovalyov, Anton"]
[Result "1/2-1/2"]
[WhiteElo "2263"]
[BlackElo "2636"]
[PlyCount "80"]
[GameId "2130307671420268"]
[EventDate "2014.05.22"]
[EventType "swiss"]
[EventRounds "9"]
[EventCountry "USA"]
[SourceTitle "10 Days #400"]
[Source "Chess Mix"]

1. e4 c5 2. Nf3 d6 3. d4 cxd4 4. Nxd4 Nf6 5. Nc3 a6 6. Bg5 Nbd7 7. Bc4 Qb6 8. Bb3 e6 9. Qd2 Be7 10. O-O-O Nc5 11. Rhe1 h6 12. Bxf6 Bxf6 13. Kb1 Bd7 14. f4 Qc7 15. g4 Rc8 16. h4 Bxh4 17. Rh1 Be7 18. g5 b5 19. a3 Qb7 20. Qg2 a5 21. gxh6 gxh6 22. Rxh6 Rf8 23. f5 b4 24. axb4 axb4 25. Nd5 Nxb3 26. Nxe7 Kxe7 27. Nxb3 Ke8 28. f6 Qc7 29. Rh2 Ba4 30. Qg7 Kd7 31. Rhd2 Bxb3 32. cxb3 Qc5 33. Rxd6+ Qxd6 34. Qg1 Qxd1+ 35. Qxd1+ Kc6 36. Qd4 Rfd8 37. Qc4+ Kd6 38. Qd4+ Kc6 39. Qc4+ Kd6 40. Qd4+ Kc6 1/2-1/2

[Event "Chicago op"]
[Site "Wheeling USA"]
[Date "2014.05.23"]
[Round "2.18"]
[White "Kovalyov, Anton"]
[Black "Schmakel, Sam"]
[Result "1-0"]
[WhiteElo "2636"]
[BlackElo "2306"]
[PlyCount "81"]
[GameId "2130307671420289"]
[EventDate "2014.05.22"]
[EventType "swiss"]
[EventRounds "9"]
[EventCountry "USA"]
[SourceTitle "10 Days #400"]
[Source "Chess Mix"]

1. c4 f5 2. Nf3 Nf6 3. b3 g6 4. Bb2 Bg7 5. d4 O-O 6. Nc3 d6 7. g3 c6 8. Bg2 Qa5 9. O-O e5 10. dxe5 dxe5 11. e4 f4 12. Na4 fxg3 13. hxg3 Ng4 14. Qe2 Na6 15. Rad1 Qc7 16. Ba3 Re8 17. Bd6 Qf7 18. c5 h6 19. Ne1 g5 20. f3 Nf6 21. Nd3 Nh5 22. Qf2 Nc7 23. Nab2 Nb5 24. Nc4 Be6 25. Ndxe5 Qf6 26. f4 gxf4 27. gxf4 Nxd6 28. Rxd6 Qe7 29. Ng6 Qc7 30. Qh4 Nf6 31. f5 Bxc4 32. bxc4 Nxe4 33. Bxe4 Qa5 34. Re6 Qxc5+ 35. Kg2 Rxe6 36. fxe6 Qxc4 37. Qg4 Qc5 38. Rf7 Qd4 39. Qf4 Re8 40. Ne7+ Kh8 41. Qxh6+ 1-0

[Event "Chicago op"]
[Site "Wheeling USA"]
[Date "2014.05.24"]
[Round "4.8"]
[White "Kovalyov, Anton"]
[Black "Kanovsky, David"]
[Result "1-0"]
[WhiteElo "2636"]
[BlackElo "2420"]
[PlyCount "87"]
[GameId "2130307671424416"]
[EventDate "2014.05.22"]
[EventType "swiss"]
[EventRounds "9"]
[EventCountry "USA"]
[SourceTitle "10 Days #400"]
[Source "Chess Mix"]

1. c4 c5 2. Nf3 Nf6 3. Nc3 Nc6 4. g3 g6 5. Bg2 Bg7 6. d4 cxd4 7. Nxd4 O-O 8. Nc2 d6 9. Bd2 Be6 10. Ne3 Qd7 11. h3 Rac8 12. Rc1 Nd4 13. Ncd5 b5 14. Bc3 Nf5 15. Bxf6 Bxf6 16. Nxf6+ exf6 17. Ng4 Kg7 18. Qd2 h5 19. e4 hxg4 20. hxg4 Rh8 21. Rxh8 Rxh8 22. gxf5 gxf5 23. e5 fxe5 24. c5 Rh2 25. c6 Qc7 26. Kf1 e4 27. g4 fxg4 28. Qg5+ Kf8 29. Bxe4 d5 30. Bg2 g3 31. fxg3 Qe7 32. Qe5 Bc8 33. Re1 Qxe5 34. Rxe5 Rh6 35. Bxd5 Rd6 36. Kf2 a6 37. Ke3 Rg6 38. Kd4 Rxg3 39. Kc5 Rg1 40. Kb6 Rc1 41. c7 f6 42. Re3 Rd1 43. Bb7 Rd6+ 44. Kc5 1-0